Picasso

Guardat en:
Dades bibliogràfiques
Autor principal: Penrose, Roland (Autor)
Format: Llibre
Idioma:anglès
Publicat: Nueva York Universe Books 1961
Col·lecció:Universe Sculpture Series
Matèries:
Etiquetes: Afegir etiqueta
Sense etiquetes, Sigues el primer a etiquetar aquest registre!

MARC

LEADER 00000nam a2200000 a 4500
001 UCO5957
003 CL-VaPUC
008 000922e19610000US |||||||||||||||||eng|d
082 0 4 |a 735.2304  |b PEN  |2 21 
100 0 |a Penrose, Roland  |e author  |9 450749 
245 1 0 |a Picasso 
300 |a pág. irreg 
942 |c BK 
945 |d 20000922 00:00:00  |a crobeson 
260 |a Nueva York  |b Universe Books  |c 1961 
600 0 7 |a PICASSO, PABLO  |2 CL-VaPUC  |9 265273 
650 0 |a Escultura española   |9 341226 
650 7 |a ESCULTURA MODERNA  |2 CL-VaPUC  |9 268158 
650 0 |a Cubismo  |9 265275 
583 |a last modification  |c 20000922 00:00:00  |k Rodrigo Vera 
490 0 |a Universe Sculpture Series 
999 |c 291763  |d 291761 
952 |0 0  |1 0  |4 0  |6 735_230400000000000_PEN_1961  |7 0  |8 R  |9 341934  |a BIBART  |b BIBART  |d 2019-11-20  |i 1224360  |o 735.2304 PEN 1961  |p 1224360  |r 2025-03-13  |w 2019-11-20  |y BK_R  |k ART